000 00836cab a2200241 4500
001 WB3443-06
008 090401t1998 xxu||||| |||| 00| 0 eng d
035 _a(Sirsi) u89629
041 _aeng
245 _aGrowth causes space shortage
260 _c1998
350 _a0
490 _aBirmingham Post
_v12 November 1998, 39(2)
520 _aDiscusses a recent report by GVA Grimley which shows that the property industry and the call centre market are not collaborating. This could mean both sectors losing opportunities, as call centres are requiring more business space than is currently available.
650 _aCALL CENTRES
650 _aFORECASTS
650 _aFUTURE DEMAND
650 _aGVA GRIMLEY
650 _aPROPERTY INDUSTRY
690 _aPROPERTY-COMMERCIAL PROPERTY
942 _n0
948 _c12/11/1998
999 _c56734
_d56734